000
00288nam a2200121Ia 4500
008
220216s9999 xx 000 0 und d
100
_a
Schallamach A
245
0
_a
Abrasion pattern on rubber
260
_b
IRI Transactions
_c
1952
300
_a
256-268
650
_a
Abrasion
942
_c
JS
999
_c
53711
_d
53711